Control estadístico de calidad

Saved in:
Bibliografiske detaljer
Hovedforfatter: Lourenco, Ruy de C. B. (autor)
Format: Bog
Sprog:spansk
Udgivet: Madrid Paraninfo 1974
Fag:
Tags: Tilføj Tag
Ingen Tags, Vær først til at tagge denne postø!

MARC

LEADER 00000nam a2200000 a 4500
001 UCQ8595
003 CL-VaPUC
008 981210e19740000SP |||||||||||||||||spa|d
082 0 4 |a 658.562  |b LOU  |2 21 
100 |a Lourenco, Ruy de C. B.  |e autor  |9 422643 
245 1 0 |a Control estadístico de calidad 
300 |a 215 p 
942 |c BK 
945 |d 19981210 00:00:00  |a cmena 
260 |a Madrid  |b Paraninfo  |c 1974 
650 0 |a Control de calidad   |9 259714 
650 0 |a Estadística matemática  |9 260028 
650 0 |a Administración de empresas   |9 260833 
650 0 |a Control de la producción   |9 263691 
650 7 |a MUESTREOS  |2 CL-VaPUC  |9 373772 
583 |a last modification  |c 19981210 00:00:00  |k Rodrigo Vera 
999 |c 277813  |d 277811 
952 |0 0  |1 0  |4 0  |6 658_562000000000000_LOU_1974  |7 0  |8 A  |9 316026  |a BIBMAT  |b BIBMAT  |d 2019-11-20  |i 1307347  |o 658.562 LOU 1974  |p 1307347  |r 2025-01-07  |w 2019-11-20  |y BK  |k MAT